[Event "Tourn. n9785"]
[Site "www.chess-mail.com"]
[Date "2018.04.10"]
[Round "1"]
[White "Coolant"]
[Black "Caroluigi"]
[WhiteElo "2290"]
[BlackElo "2100"]
[Result "0-1"]
[Round "1"]
1.e4 e6
2.d4 d5
3.Nb1c3 Ng8f6
4.Bc1g5 Bf8e7
5.e5 Nf6d7
6.Bg5xe7 Qd8xe7
7.Qd1g4 g6
8.f4 Qe7b4
9.O-O-O h5
10.Qg4h3 b6
11.g4 Bc8a6
12.Ng1e2 Nb8c6
13.f5 O-O-O
14.fxg6 hxg4
15.Qh3xg4 Nd7xe5
16.Qg4g3 Ne5c4
17.Rd1d3 Qb4xb2
18.Kd1 Qb2a1
19.Ne2c1 Nc4b2
20.Kd2 Nb2xd3
21.Bf1xd3 Ba6xd3
22.Qg3xd3 fxg6
{ resign }
0-1

[Event "Tourn. n9743"]
[Site "www.chess-mail.com"]
[Date "2018.04.10"]
[Round "1"]
[White "Maj16"]
[Black "Cal"]
[WhiteElo "1659"]
[BlackElo "1530"]
[Result "0-1"]
[Round "1"]
1.g3 e5
2.Bf1g2 d5
3.c4 d4
4.d3 h6
5.Ng1f3 Bf8b4
6.Bc1d2 Nb8c6
7.Bd2xb4 Ng8f6
8.Bb4d2 a6
9.O-O Bc8e6
10.Nb1a3 b6
11.Na3c2 O-O
12.b4 Nc6e7
13.Nf3xe5 c6
14.Ne5xc6 Ne7xc6
15.Bg2xc6 Qd8c7
16.Bc6xa8 Rf8xa8
17.a4 Be6h3
18.Nc2xd4 Qc7b7
19.f3 Nf6g4
20.e4 Ng4f6
 { time }
0-1

[Event "Tourn. n9711"]
[Site "www.chess-mail.com"]
[Date "2018.04.10"]
[Round "1"]
[White "Conde7"]
[Black "Aniruddhadg"]
[WhiteElo "2880"]
[BlackElo "2420"]
[Result "1/2-1/2"]
[Round "1"]
1.a3 g6
2.e4 c5
3.d4 cxd4
4.Qd1xd4 Ng8f6
5.Nb1c3 Nb8c6
6.Qd4d2 Bf8g7
7.Bf1c4 O-O
8.Ng1f3 e6
9.Qd2d6 Nf6e8
10.Qd6d1 b6
11.O-O Bc8b7
12.Bc4d3 Nc6e5
13.Nf3xe5 Bg7xe5
14.Qd1e2 d5
15.exd5 Be5xc3
16.bxc3 Qd8xd5
17.f3 Ne8d6
18.a4 Qd5c5
19.Qe2f2 Qc5xc3
20.Bc1d2 Qc3c7
21.a5 e5
22.axb6 axb6
23.Ra1b1 b5
24.Bd2b4 Rf8d8
25.Rf1e1 f6
26.h3 Ra8a2
27.Bb4c5 Rd8d7
28.f4 e4
29.Bd3xb5 Nd6xb5
30.Rb1xb5 Qc7c6
31.Rb5b6 e3
32.Re1xe3 Qc6xg2
33.Qf2xg2 Bb7xg2
34.Kxg2 Ra2xc2
35.Kg3 Rc2xc5
36.Rb6xf6 Rd7b7
{ draw }
1/2-1/2

[Event "Tourn. n9728"]
[Site "www.chess-mail.com"]
[Date "2018.04.10"]
[Round "1"]
[White "Abuelo"]
[Black "Fantomas"]
[WhiteElo "2120"]
[BlackElo "2290"]
[Result "1-0"]
[Round "1"]
1.e4 e5
2.Ng1f3 Ng8f6
3.Bf1c4 d5
4.exd5 e4
5.Nf3d4 Nf6xd5
6.Qd1e2 Nd5f6
7.c3 Bf8e7
8.h3 O-O
9.d3 exd3
10.Qe2xd3 Nb8d7
11.Bc4xf7 Rf8xf7
12.Nd4e6 Nd7e5
13.Qd3xd8 Be7xd8
14.Ne6xd8 Rf7e7
15.O-O Re7d7
16.Nd8e6 Ne5d3
17.Ne6f4 Nd3xc1
18.Rf1xc1 Rd7d6
19.Rc1e1 Bc8d7
20.Nb1a3 Ra8e8
21.Ra1d1 Rd6xd1
22.Re1xd1 c6
23.Nf4h5 Bd7e6
24.Nh5xf6 gxf6
25.Rd1e1 Kf7
26.b3 b5
27.Re1d1 Ke7
28.Na3c2 Re8g8
29.Kh2 a5
30.Nc2d4 Be6d5
31.f3 a4
32.Nd4xb5 axb3
33.axb3 Bd5xb3
34.Rd1b1 Bb3d5
35.Nb5d4 c5
36.Rb1b5 Rg8c8
37.Nd4f5 Ke6
38.Nf5e3 Bd5a8
39.Kg3 { resign }
1-0

[Event "Tourn. n9655"]
[Site "www.chess-mail.com"]
[Date "2018.04.10"]
[Round "1"]
[White "Sahlapalat"]
[Black "Aiko1603"]
[WhiteElo "2000"]
[BlackElo "2080"]
[Result "1-0"]
[Round "1"]
1.d4 Ng8f6
2.c4 e6
3.Nb1c3 Bf8b4
4.e3 O-O
5.Qd1c2 b6
6.a3 Bb4xc3
7.Qc2xc3 Nf6e4
8.Qc3c2 Bc8b7
9.Ng1f3 d5
10.Bf1d3 Ne4f6
11.O-O Nb8d7
12.Nf3e5 dxc4
13.Ne5xc4 Bb7d5
14.b4 c5
15.dxc5 bxc5
16.Bc1b2 Bd5xc4
17.Bd3xc4 cxb4
18.axb4 Ra8c8
19.Qc2b3 Nd7b6
20.Bc4a6 Rc8c7
21.Rf1d1 Rc7d7
22.h3 Rd7xd1
23.Ra1xd1 Nb6d5
24.Ba6e2 Qd8b6
25.b5 a5
26.Rd1a1 Nf6e4
27.Bb2d4 Qb6d6
28.Qb3b2 f6
29.Be2d3 Ne4c5
30.Bd3e2 Nc5b7
31.Ra1c1 Nd5b4
32.Qb2b3 Kh8
33.Be2f3 Qd6e7
34.b6 e5
35.Rc1c7 Qe7d6
36.Rc7xb7 exd4
37.exd4 Qd6xd4
38.Rb7f7 Qd4a1
39.Kh2 Qa1e5
40.g3 Rf8b8
41.b7 Qe5d4
42.Kg2 Nb4d3
43.Kh1 Nd3xf2
44.Kh2 Qd4d2
45.Bf3g2 Qd2d8
46.Qb3f3 Kg8
47.Qf3b3 Kh8
48.Qb3c2 Nf2d3
49.Qc2c7 a4
50.Rf7xg7 { resign }
1-0

[Event "Tourn. n9732"]
[Site "www.chess-mail.com"]
[Date "2018.04.10"]
[Round "1"]
[White "Piekki"]
[Black "Sorim"]
[WhiteElo "2200"]
[BlackElo "2070"]
[Result "0-1"]
[Round "1"]
1.e4 e5
2.Ng1f3 Ng8f6
3.Nf3xe5 d6
4.Ne5f3 Nf6xe4
5.Nb1c3 Ne4xc3
6.dxc3 Nb8c6
7.Bc1e3 Bf8e7
8.Qd1d2 O-O
9.O-O-O Bc8e6
10.Kb1 a5
11.Bf1d3 Be7f6
12.h4 a4
13.Nf3g5 a3
14.b3 h6
15.Ng5xe6 fxe6
16.g4 Bf6xh4
17.Be3xh6 Rf8xf2
18.Qd2e3 Qd8f6
19.g5 Qf6e5
20.Qe3h3 gxh6
21.Rh1e1 Rf2d2
{ resign }
0-1

[Event "Match"]
[Site "www.echecsemail.com"]
[Date "2018.04.10"]
[Round "1"]
[White "Pinehill"]
[Black "Apdash"]
[WhiteElo "1990"]
[BlackElo "2270"]
[Result "1-0"]
[Round "1"]
1.e4 c5
2.Ng1f3 d6
3.a3 Nb8c6
4.b4 cxb4
5.axb4 a6
6.b5 axb5
7.Ra1xa8 e5
8.Bf1xb5 Qd8c7
9.O-O Bf8e7
10.d4 exd4
11.Qd1xd4 Ng8f6
12.Bc1a3 O-O
13.Qd4e3 Nf6g4
14.Qe3f4 Nc6e5
15.c4 Ne5d3
16.Qf4g3 f5
17.exf5 Bc8xf5
18.Ra8xf8 Be7xf8
19.Nf3d4 { resign }
1-0

[Event "Match"]
[Site "www.echecsemail.com"]
[Date "2018.04.10"]
[Round "1"]
[White "Caroluigi"]
[Black "Paco"]
[WhiteElo "1420"]
[BlackElo "2030"]
[Result "1-0"]
[Round "1"]
1.e4 e5
2.Ng1f3 Nb8c6
3.Nb1c3 Bf8c5
4.Bf1c4 d6
5.d3 Bc8e6
6.Nf3g5 Be6xc4
7.dxc4 h6
8.Ng5f3 Qd8f6
9.Nc3d5 Qf6d8
10.O-O Ng8f6
11.Rf1e1 Qd8d7
12.h3 O-O-O
13.Qd1e2 Nc6d4
14.Nf3xd4 Bc5xd4
15.c3 Bd4c5
16.b4 Bc5b6
17.a4 c6
18.Nd5xb6 axb6
19.f3 Nf6h5
20.Qe2f2 Nh5f4
21.Bc1xf4 exf4
22.Qf2xb6 Qd7c7
23.a5 g5
24.Ra1a2 Kd7
25.Qb6d4 h5
26.Qd4f6 Kc8
27.Qf6xg5 d5
28.exd5 cxd5
29.Re1e7 Qc7xc4
30.Qg5f5 Kb8
31.Qf5e5 Ka8
32.Ra2e2 d4
33.Qe5e4 Rd8d5
34.Qe4xf4 Qc4xc3
35.Re7e8 Rh8xe8
36.Re2xe8 Ka7
37.Qf4b8 Ka6
38.Qb8a8 Kb5
39.Qa8xb7 Kc4
40.Re8c8 Kb3
41.Rc8xc3 dxc3
42.Qb7xd5 Kb2
43.Qd5d4 Kb3
44.Qd4xc3 { resign }
1-0

[Event "Match"]
[Site "www.echecsemail.com"]
[Date "2018.04.10"]
[Round "1"]
[White "Sonny1000"]
[Black "Llord"]
[WhiteElo "1520"]
[BlackElo "1960"]
[Result "0-1"]
[Round "1"]
1.e4 e5
2.Nb1c3 Bf8c5
3.Qd1f3 Qd8f6
4.Qf3xf6 Ng8xf6
5.f3 O-O
6.Nc3b5 Nb8a6
7.Nb5xc7 Na6xc7
8.Bf1d3 Nc7e6
9.Bd3b5 Ne6d4
10.Bb5a4 b5
11.Ba4b3 d6
12.h4 Bc8e6
13.Kd1 Nd4xb3
14.cxb3 b4
15.Ng1h3 h6
16.d3 Bc5d4
17.a4 bxa3
18.bxa3 Bd4xa1
19.b4 Be6b3
20.Kd2 Ra8c8
21.f4 Ba1c3
22.Ke2 Bc3d4
23.f5 d5
24.b5 dxe4
25.dxe4 Nf6xe4
26.Kf3 Bb3d5
27.Rh1d1 Ne4c3
28.Kg4 Nc3xd1
29.g3 Nd1f2
30.Nh3xf2 Bd4xf2
31.Bc1b2 Rc8c4
32.Kh5 Bd5f3
33.g4 Rc4xg4
34.Bb2xe5 Rg4g6

0-1

[Event "Match"]
[Site "www.echecsemail.com"]
[Date "2018.04.10"]
[Round "1"]
[White "Mdesouza"]
[Black "Gegonz"]
[WhiteElo "2340"]
[BlackElo "1610"]
[Result "1/2-1/2"]
[Round "1"]
1.e4 c6
2.b3 d5
3.exd5 cxd5
4.Bc1b2 Nb8c6
5.Ng1f3 Bc8g4
6.d4 Ng8f6
7.Nb1d2 e6
8.Bf1e2 Bf8d6
9.Nd2f1 O-O
10.Nf1e3 Qd8a5
11.Qd1d2 Bd6b4
12.c3 Bb4d6
13.Ne3xg4 Nf6xg4
14.O-O Qa5c7
15.h3 Ng4f6
16.Ra1c1 Nf6e4
17.Qd2c2 Bd6f4
18.Rc1d1 Ra8c8
19.Be2d3 Nc6b4
20.cxb4 Qc7xc2
21.Bd3xc2 { draw }
1/2-1/2

[Event "Match"]
[Site "www.echecsemail.com"]
[Date "2018.04.10"]
[Round "1"]
[White "Gegonz"]
[Black "Gilliere"]
[WhiteElo "1709"]
[BlackElo "2040"]
[Result "1-0"]
[Round "1"]
1.Ng1f3 Ng8f6
2.d4 e6
3.c4 c5
4.Nb1c3 cxd4
5.Nf3xd4 Qd8b6
6.e4 e5
7.Nd4f5 d6
8.Bf1d3 Bc8xf5
9.exf5 Nb8d7
10.O-O Bf8e7
11.b3 Nd7c5
12.Bd3e2 O-O-O
13.Bc1b2 Nc5e4
14.Nc3xe4 Nf6xe4
15.Be2g4 Ne4f6
16.Bg4f3 Kb8
17.Rf1e1 h5
18.h3 g5
19.fxg6 fxg6
20.Bb2c3 Nf6d7
21.b4 Rd8c8
22.c5 dxc5
23.Qd1xd7 Rc8c7
24.Bc3xe5 Rh8h7
25.Qd7e8 Be7d8
26.Qe8xd8 
1-0

[Event "Match"]
[Site "www.echecsemail.com"]
[Date "2018.04.10"]
[Round "1"]
[White "Bojan"]
[Black "Mitja"]
[WhiteElo "1960"]
[BlackElo "2010"]
[Result "1-0"]
[Round "1"]
1.b4 d5
2.e3 e6
3.a3 c6
4.c4 dxc4
5.Bf1xc4 h6
6.Bc1b2 Ng8f6
7.Qd1f3 Nb8d7
8.Ng1e2 Bf8e7
9.d4 Nd7b6
10.Bc4d3 Nb6a4
11.Bb2c1 O-O
12.Bd3c2 Na4b6
13.Bc2b3 Qd8c7
14.Nb1c3 Nb6d5
15.Nc3xd5 Nf6xd5
16.e4 Nd5f6
17.Bc1f4 Qc7d7
18.Ra1d1 Rf8d8
19.e5 Nf6d5
20.Bf4d2 Be7g5
21.Bd2xg5 hxg5
22.h4 gxh4
23.Rh1xh4 Kf8
24.Qf3g4 f6
25.Qg4g6 Qd7f7
26.Rh4h8 Ke7
27.Qg6xf7 { resign }
1-0

[Event "Match"]
[Site "www.echecsemail.com"]
[Date "2018.04.10"]
[Round "1"]
[White "Apdash"]
[Black "Numanoid"]
[WhiteElo "2220"]
[BlackElo "2410"]
[Result "1/2-1/2"]
[Round "1"]
1.d4 g6
2.e4 d6
3.Bf1d3 Bf8g7
4.c3 Ng8f6
5.Bc1g5 O-O
6.Qd1c2 e5
7.Ng1e2 Nb8c6
8.Nb1d2 Bc8d7
9.a3 a5
10.O-O h6
11.Bg5h4 g5
12.Bh4g3 Nf6h5
13.dxe5 Nh5xg3
14.Ne2xg3 Nc6xe5
15.Bd3e2 Ne5g6
16.Ra1c1 Ng6f4
17.Rc1e1 a4
18.Ng3h5 Nf4xe2
19.Re1xe2 Bd7g4
20.Nh5xg7 Bg4xe2
21.Rf1e1 Be2g4
22.Ng7f5 Bg4xf5
23.exf5 Rf8e8
24.Re1f1 Re8e2
25.Qc2d3 Qd8e8
26.h4 f6
27.hxg5 hxg5
28.Nd2f3 Re2xb2
29.Rf1e1 Qe8f7
30.Re1e6 Rb2a2
31.Nf3xg5 Ra2a1
32.Kh2 fxg5
33.Re6g6 Kf8
34.Qd3h3 Ra8a5
35.Qh3h8 Ke7
36.Rg6g7 Ra5xf5
37.Rg7xf7 Rf5xf7
38.Qh8c8 Ra1xa3
39.Qc8xc7 Ke6
40.Qc7c4 d5
41.Qc4c8 Kf6
42.Qc8d8 Ke5
43.Qd8xg5 Kd6
44.Qg5d8 Kc5
45.Qd8c8 Kd6
46.Qc8b8 Kc5
47.Qb8h8 Ra3a2
48.Qh8d4 Kc6
49.c4 Rf7xf2
50.cxd5 Kd6
51.Qd4b6 Kxd5
52.Qb6xb7 Kd4
53.Qb7b6 { draw }
1/2-1/2

[Event "Match"]
[Site "www.echecsemail.com"]
[Date "2018.04.10"]
[Round "1"]
[White "Add"]
[Black "Fegatux"]
[WhiteElo "2210"]
[BlackElo "2340"]
[Result "0-1"]
[Round "1"]
1.e4 e5
2.Ng1f3 Nb8c6
3.d4 exd4
4.Nf3xd4 Ng8f6
5.Nb1c3 Bf8c5
6.Nd4xc6 bxc6
7.h3 h6
8.Bf1c4 O-O
9.O-O d6
10.Qd1f3 Nf6d7
11.Qf3g3 Qd8f6
12.a3 Nd7e5
13.Bc4b3 a5
14.Bc1e3 Bc5b6
15.Ra1b1 Bc8a6
16.Rf1e1 Ba6c4
17.f4 Bc4xb3
18.fxe5 Bb6xe3
19.Qg3xe3 Qf6e6
20.cxb3 Qe6xb3
21.exd6 cxd6
22.Qe3f4 Qb3e6
23.Re1d1 Rf8d8
24.Rd1d3 Qe6c4
25.Rd3xd6 Qc4c5
26.Kh2 Rd8xd6
27.b4 axb4
28.axb4 Qc5d4
29.Rb1d1 Qd4xd1
30.Nc3xd1 Rd6xd1
31.e5 Ra8e8
32.Qf4f3 Rd1d5
33.b5 Rd5xb5
34.Qf3xc6 Rb5xe5
35.Qc6c7 Re5e2
36.Qc7d7 g6
37.Qd7g4 h5
38.Qg4c4 Re2f2
39.Qc4c6 Re8e2
40.Qc6c8 Kh7
41.Qc8c6 Rf2xg2
42.Qc6xg2 Re2xg2
43.Kxg2 g5
{ resign }
0-1

[Event "Tourn. n9772"]
[Site "www.chess-mail.com"]
[Date "2018.04.11"]
[Round "1"]
[White "Piekki"]
[Black "Joaodelisboa"]
[WhiteElo "2170"]
[BlackElo "2160"]
[Result "0-1"]
[Round "1"]
1.e4 e5
2.Ng1f3 Nb8c6
3.Bf1b5 a6
4.Bb5a4 b5
5.Ba4b3 Ng8f6
6.Qd1e2 d6
7.h3 Bf8e7
8.O-O O-O
9.Nb1c3 Nc6a5
10.d4 Na5xb3
11.axb3 exd4
12.Nf3xd4 Bc8b7
13.b4 Rf8e8
14.Nd4f5 Be7f8
15.Bc1g5 h6
16.Bg5xf6 Qd8xf6
17.Qe2g4 Kh8
18.h4 d5
19.Nc3xd5 Bb7xd5
20.exd5 Qf6xb2
21.Ra1d1 Ra8d8
22.Rf1e1 Qb2xb4
{ resign }
0-1

[Event "Tourn. n9760"]
[Site "www.chess-mail.com"]
[Date "2018.04.11"]
[Round "1"]
[White "Gilliere"]
[Black "Hundegana"]
[WhiteElo "2040"]
[BlackElo "1990"]
[Result "0-1"]
[Round "1"]
1.e4 c5
2.Ng1f3 b6
3.Nb1c3 Bc8b7
4.Bf1c4 e6
5.O-O Nb8c6
6.Rf1e1 a6
7.d3 g6
8.a3 Qd8c7
9.Bc4a2 O-O-O
10.b3 Bf8g7
11.Bc1b2 h6
12.Ra1b1 Rd8f8
13.Qd1c1 g5
14.Nc3e2 f6
15.b4 cxb4
16.axb4 Nc6xb4
17.Ba2b3 Kb8
18.Bb2a3 a5
19.Ba3xb4 axb4
20.Ne2d4 Kc8
21.Qc1d2 Qc7c3
22.Nd4b5 Qc3xd2
23.Nf3xd2 Bb7c6
24.Nb5a7 Kb7
25.Na7xc6 Kxc6
26.Rb1a1 f5
27.Ra1a6 Bg7c3
28.Re1d1 f4
29.Nd2c4 Rf8b8
30.Nc4a5 Kc5
31.Na5c4 Ng8e7
32.Ra6a7 Rh8d8
33.f3 Ne7c6
34.Ra7a4 b5
35.Ra4a6 bxc4
36.dxc4 Rb8b7
37.Bb3a4 Nc6b8
38.Ra6a5 Kb6
39.Ra5b5 Ka7
40.Rb5xb7 Kxb7
41.Ba4b5 Kc7
42.h3 d6
43.Kf2 Nb8d7
44.Ke2 Nd7e5
45.Bb5a6 Ne5c6
46.Ba6b5 Nc6d4
47.Rd1xd4 Bc3xd4
{ resign }
0-1

[Event "Tourn. n9698"]
[Site "www.chess-mail.com"]
[Date "2018.04.11"]
[Round "1"]
[White "Aniruddhadg"]
[Black "Senitram"]
[WhiteElo "2420"]
[BlackElo "2660"]
[Result "1-0"]
[Round "1"]
1.d4 Ng8f6
2.c4 e6
3.g3 Bf8b4
4.Bc1d2 Bb4xd2
5.Nb1xd2 Nb8c6
6.e3 O-O
7.Bf1g2 e5
8.d5 Nc6b4
9.Qd1b1 a5
10.Ng1e2 d6
11.a3 Nb4a6
12.b4 Bc8g4
13.Ne2c3 Qd8d7
14.O-O Bg4f5
15.Qb1b3 h6
16.Nc3a4 b6
17.e4 Bf5g6
18.Rf1e1 Nf6h7
19.b5 Na6c5
20.Na4xc5 bxc5
21.f4 a4
22.Qb3f3 f6
23.Re1e3 Rf8e8
24.f5 Bg6f7
25.Qf3d1 Re8b8
26.Nd2b1 Ra8a5
27.h4 Nh7f8
28.Bg2f1 Qd7e7
29.Ra1a2 Qe7d7
30.Ra2g2 Ra5a7
{ time. }
1-0

[Event "Tourn. n9696"]
[Site "www.chess-mail.com"]
[Date "2018.04.11"]
[Round "1"]
[White "Passaroa25"]
[Black "Pachi"]
[WhiteElo "1670"]
[BlackElo "1640"]
[Result "0-1"]
[Round "1"]
1.Nb1c3 e5
2.e4 d6
3.d3 d5
4.Nc3xd5 Bc8e6
5.f4 Be6xd5
6.exd5 Qd8xd5
7.Ng1f3 Nb8d7
8.Qd1e2 f6
9.c4 Qd5a5
10.Qe2d2 Qa5c5
11.b4 Qc5e7
12.b5 exf4
13.Bf1e2 g5
14.Bc1b2 h6
15.Nf3d4 h5
16.Nd4f5 Qe7e6
17.Nf5d4 Qe6e7
18.Nd4f5 Qe7c5
19.g4 h4
20.O-O-O a6
21.Bb2d4 Qc5a3
22.Qd2b2 Qa3a4
23.Be2f3 Bf8a3
24.Nf5g7 Kd8
25.Bf3xb7 Ra8b8
26.Ng7e6 Ke7
27.Ne6c5 Ba3xb2
28.Kxb2 Qa4b4
29.Nc5b3 Rb8xb7
30.a3 Qb4d6
31.Bd4c3 axb5
32.Nb3a5 Rb7b6
33.Rh1e1 Kf7
34.Re1e4 bxc4
35.Bc3b4 c5
36.Na5xc4 Qd6c6
37.Nc4xb6 Qc6xb6
38.h3 cxb4
39.Re4xb4 Qb6f2
40.Kb3 Nd7c5
41.Kc4 Ng8e7
42.d4 Qf2c2
43.Kb5 Rh8b8
44.Ka5 Ne7c6

0-1

[Event "Tourn. n9692"]
[Site "www.chess-mail.com"]
[Date "2018.04.11"]
[Round "1"]
[White "Szustan"]
[Black "Numanoid"]
[WhiteElo "2560"]
[BlackElo "2420"]
[Result "1/2-1/2"]
[Round "1"]
1.e4 d6
2.d4 Ng8f6
3.Nb1c3 g6
4.f4 Bf8g7
5.Ng1f3 c5
6.Bf1b5 Bc8d7
7.e5 Nf6g4
8.e6 fxe6
9.Nf3g5 Bd7xb5
10.Nc3xb5 Qd8a5
11.c3 Qa5xb5
12.Qd1xg4 cxd4
13.Ng5xe6 Qb5c4
14.Ne6xg7 Kf7
15.Ng7f5 Qc4e6
16.Nf5e3 dxe3
17.Qg4e2 Nb8c6
18.O-O Rh8f8
19.Bc1xe3 Kg8
20.b3 Ra8d8
21.Ra1e1 Rf8f6
22.g3 a6
23.Be3b6 Qe6xe2
24.Re1xe2 Rd8c8
25.c4 Kf7
26.Rf1e1 Rc8e8
27.Re1d1 { draw }
1/2-1/2

[Event "Tourn. n9775"]
[Site "www.chess-mail.com"]
[Date "2018.04.11"]
[Round "1"]
[White "Hundegana"]
[Black "Fantomas"]
[WhiteElo "2010"]
[BlackElo "2260"]
[Result "0-1"]
[Round "1"]
1.e4 e5
2.Bf1c4 Ng8f6
3.d3 h6
4.f4 d6
5.h3 Nb8c6
6.f5 d5
7.Bc4b5 dxe4
8.g4 Qd8d6
9.Nb1c3 exd3
10.cxd3 a6
11.Bb5a4 Bc8d7
12.Ng1f3 O-O-O
13.a3 Nc6d4
14.Nf3xd4 Qd6xd4
15.Ba4xd7 Rd8xd7
16.Rh1f1 Qd4xd3
17.Qd1xd3 Rd7xd3
18.Rf1h1 Bf8c5
19.Ke2 Rh8d8
20.g5 Nf6h5
21.gxh6 Nh5g3
22.Ke1 Ng3xh1
23.hxg7 Nh1g3
24.f6 Rd3f3
25.Nc3d5 Rf3f1
26.Kd2 Rd8xd5
27.Kc3 Rd5d8
28.Ra1b1 Ng3e4
29.Kc2 Rf1xf6
30.h4 Rf6f2
31.Kb3 Bc5d4
32.Bc1h6 Ne4d2
33.Bh6xd2 Rf2xd2
34.Rb1h1 e4
35.h5 Bd4xg7
36.h6 Bg7h8
37.Rh1f1 Rd8d3
38.Ka2 Rd2xb2
39.Ka1 Rd3xa3
{ resign }
0-1

[Event "Match"]
[Site "www.echecsemail.com"]
[Date "2018.04.11"]
[Round "1"]
[White "Caspito"]
[Black "Darknight"]
[WhiteElo "1930"]
[BlackElo "1800"]
[Result "0-1"]
[Round "1"]
1.e4 e5
2.Ng1f3 d6
3.Nb1c3 h6
4.Bf1c4 c6
5.d4 exd4
6.Nf3xd4 Ng8f6
7.O-O Bc8g4
8.Nd4f3 Nb8d7
9.Bc1f4 Qd8e7
10.Qd1d3 Bg4xf3
11.Qd3xf3 O-O-O
12.Rf1e1 Nd7e5
13.Bf4xe5 Qe7xe5
14.Bc4xf7 Bf8e7
15.Ra1d1 Rd8f8
16.Bf7g6 a6
17.a3 Kb8
18.Qf3e3 Nf6g4
19.Qe3g3 Qe5xg3
20.hxg3 Rf8xf2
21.Nc3a4 Rf2xc2
22.Rd1d3 Ng4e5
23.Na4b6 Ne5xd3
24.Re1e2 Rc2xe2
25.b4 Re2a2
26.e5 Nd3xe5
27.Bg6f5 Kc7
28.Nb6a4 Ra2xa3
{ resign }
0-1

[Event "Match"]
[Site "www.echecsemail.com"]
[Date "2018.04.11"]
[Round "1"]
[White "Aperturaf"]
[Black "Ericleo1980"]
[WhiteElo "2670"]
[BlackElo "2240"]
[Result "1-0"]
[Round "1"]
1.e4 c5
2.Ng1f3 d6
3.d4 cxd4
4.Qd1xd4 Nb8c6
5.Bf1b5 Bc8d7
6.Bb5xc6 Bd7xc6
7.Nb1c3 e6
8.O-O Bf8e7
9.Qd4xg7 Be7f6
10.Qg7g3 Ng8e7
11.Rf1e1 Rh8g8
12.Qg3h3 Rg8g7
13.Qh3h6 Ne7g8
14.Qh6d2 h5
15.Qd2d3 a6
16.Bc1e3 Qd8c7
17.a4 O-O-O
18.Nc3b5 axb5
19.axb5 Bc6e8
20.e5 Bf6e7
21.Ra1a8 Kd7
22.exd6 Be7xd6
23.b6 Rg7xg2
24.Kf1 Rd8xa8
25.bxc7 Rg2g4
26.Re1d1 Ra8a6
27.Qd3b5 Ra6c6
28.Qb5xb7 Rc6xc7
29.Qb7a6 Rc7c6
30.Nf3e5 { resign }
1-0

[Event "Match"]
[Site "www.echecsemail.com"]
[Date "2018.04.11"]
[Round "1"]
[White "Caspito"]
[Black "Gambitmiau"]
[WhiteElo "1920"]
[BlackElo "1940"]
[Result "0-1"]
[Round "1"]
1.e4 e5
2.Ng1f3 d5
3.Nf3xe5 dxe4
4.Qd1e2 Ng8f6
5.d3 Bf8c5
6.dxe4 O-O
7.Bc1f4 Rf8e8
8.Ne5xf7 Qd8e7
9.Nf7e5 Bc5d4
10.Qe2c4 Bc8e6
11.Qc4xd4 c5
12.Qd4e3 Be6d7
13.Nb1c3 Nb8c6
14.Bf1c4 Bd7e6
15.Bc4xe6 Qe7xe6
16.O-O Nc6xe5
17.Qe3xc5 b6
18.Qc5xe5 Qe6g4
19.Bf4g3 Re8xe5
20.Bg3xe5 Nf6xe4
21.f3 Qg4h5
22.g4 Qh5xe5
23.Nc3xe4 Qe5xb2
24.c4 Qb2d4
25.Kg2 Qd4xc4
26.a3 Ra8d8
27.Rf1c1 Qc4e2
28.Kg3 h6
29.Rc1c7 Qe2b2
30.Ra1c1 Qb2xa3
31.h4 Rd8f8
32.Rc1f1 Rf8e8
33.Ne4d2 Qa3d6
{ resign }
0-1

[Event "Match"]
[Site "www.echecsemail.com"]
[Date "2018.04.11"]
[Round "1"]
[White "Karlgrocer"]
[Black "Apdash"]
[WhiteElo "2030"]
[BlackElo "2170"]
[Result "0-1"]
[Round "1"]
1.d4 d5
2.e3 Ng8f6
3.Ng1f3 Bc8g4
4.Bf1e2 Nb8d7
5.O-O e6
6.Nb1d2 Bf8d6
7.a3 c5
8.c4 cxd4
9.Nf3xd4 Bg4xe2
10.Qd1xe2 O-O
11.b4 dxc4
12.Nd2xc4 Bd6c7
13.Bc1b2 Nd7b6
14.Ra1c1 Nb6xc4
15.Rc1xc4 Bc7b6
16.Rf1d1 Qd8e7
17.Rd1c1 a5
18.b5 Nf6d7
19.Nd4f3 Nd7f6
20.a4 Nf6d5
21.Bb2d4 Bb6xd4
22.Nf3xd4 Nd5b6
23.Rc4c7 Qe7b4
24.Rc7xb7 Nb6xa4
25.Nd4c6 Qb4b2
26.Qe2f1 Na4c3
27.Rc1a1 a4
28.Rb7c7 Kh8
29.Nc6d4 e5
30.Nd4f3 f6
31.Kh1 a3
32.Qf1c1 Nc3xb5
33.Rc7b7 Qb2xc1
34.Ra1xc1 a2
35.Rc1a1 Nb5c3
36.g3 Rf8b8
37.Rb7xb8 Ra8xb8
38.Nf3d2 Rb8b2
39.Kg2 Rb2xd2
{ resign }
0-1

[Event "1/16 Finale"]
[Site "www.chess-mail.com"]
[Date "2018.04.11"]
[Round "1"]
[White "George1955"]
[Black "Vgrynyuk"]
[WhiteElo "2690"]
[BlackElo "2760"]
[Result "0-1"]
[Round "1"]
1.e4 e5
2.Ng1f3 Nb8c6
3.Bf1b5 a6
4.Bb5a4 Ng8f6
5.O-O Bf8e7
6.Rf1e1 b5
7.Ba4b3 O-O
8.h3 Bc8b7
9.d3 d6
10.a3 Nc6b8
11.Nb1d2 Nb8d7
12.Nd2f1 Rf8e8
13.Nf1e3 Nd7c5
14.Bb3a2 Nc5e6
15.Ne3f5 Be7f8
16.Nf3g5 c5
17.Qd1f3 Qd8d7
18.Qf3g3 Kh8
19.Bc1d2 g6
20.Ng5xe6 fxe6
21.Nf5h4 a5
22.Nh4f3 Bf8g7
23.Nf3g5 a4
24.Ra1d1 Re8e7
25.Bd2e3 Ra8f8
26.Ng5f3 Qd7e8
27.Be3g5 Re7f7
28.Bg5d2 Nf6h5
29.Qg3g4 Bb7c8
30.h4 Nh5f4
31.Nf3g5 Rf7f6
32.Re1f1 h6
33.Ng5h3 Bc8d7
34.Rd1e1 Qe8d8
35.Nh3xf4 exf4
36.Qg4h3 g5
37.h5 Qd8c8
38.Re1b1 Rf6f7
39.Qh3h2 g4
40.c3 c4
41.Rb1d1 e5
42.Qh2h1 Bd7e6
43.Ba2b1 Qc8d8
44.Bb1c2 cxd3
45.Bc2xd3 Qd8b6
46.Kh2 Bg7f6
47.Bd2e1 Rf7g7
48.g3 Rg7g5
49.Kg2 f3
50.Kg1 Be6f7
51.Qh1h4 Rf8g8
52.Be1d2 Rg5f5
53.exf5 Bf6xh4
54.Bd2e3 Qb6d8
55.Bd3xb5 Bh4g5
{ resign }
0-1

[Event "1/64 Finale"]
[Site "www.chess-mail.com"]
[Date "2018.04.11"]
[Round "1"]
[White "Reda"]
[Black "Odin"]
[WhiteElo "2169"]
[BlackElo "1780"]
[Result "0-1"]
[Round "1"]
1.d4 Ng8f6
2.Bc1f4 e6
3.Nb1c3 a6
4.Ng1f3 Bf8b4
5.Bf4d2 d5
6.Nc3a4 Bb4xd2
7.Qd1xd2 Nb8d7
8.e3 h6
9.Bf1d3 b5
10.Na4c3 Bc8b7
11.O-O O-O
12.Rf1e1 Rf8e8
13.e4 dxe4
14.Nc3xe4 c5
15.dxc5 Nf6xe4
16.Bd3xe4 Nd7xc5
17.Qd2xd8 Ra8xd8
18.Be4xb7 Nc5xb7
19.Ra1c1 f6
20.Rc1d1 g5
21.Nf3d4 Nb7c5
22.b4 e5
23.Nd4f5 Kh7
24.bxc5 Rd8c8
25.Rd1d6 Rc8xc5
26.Rd6xa6 Rc5xc2
27.Re1b1 Re8d8
28.h3 Rd8d2
29.Rb1f1 Kg6
30.Nf5e7 Kf7
31.Ne7c6 Kg6
32.Nc6a7 b4
33.Na7b5 e4
34.Ra6xf6 Kxf6
35.a3 b3
36.a4 b2
37.Nb5a3 Rc2c1
{ resign }
0-1

[Event "Tourn. n9770"]
[Site "www.chess-mail.com"]
[Date "2018.04.12"]
[Round "1"]
[White "Aniruddhadg"]
[Black "Jopesilo"]
[WhiteElo "2490"]
[BlackElo "2400"]
[Result "1-0"]
[Round "1"]
1.e4 c5
2.Ng1f3 Nb8c6
3.Bf1b5 e6
4.Bb5xc6 bxc6
5.b3 Ng8e7
6.Bc1b2 Ne7g6
7.h4 h5
8.e5 Ra8b8
9.d3 Bf8e7
10.Nb1d2 Bc8a6
11.g3 f6
12.Qd1e2 Kf7
13.O-O-O Qd8c7
14.Kb1 Rb8e8
15.exf6 gxf6
16.Nf3g5 Kg8
17.Rd1g1 Rh8h6
18.g4 fxg5
19.hxg5 Be7xg5
20.gxh5 Qc7f4
21.Nd2e4 { resign }
1-0

[Event "Tourn. n9749"]
[Site "www.chess-mail.com"]
[Date "2018.04.12"]
[Round "1"]
[White "Cristiano"]
[Black "Azulmarino"]
[WhiteElo "1750"]
[BlackElo "1610"]
[Result "1-0"]
[Round "1"]
1.e4 e5
2.f4 d6
3.Ng1f3 h6
4.d4 Ng8f6
5.Nb1c3 Bc8g4
6.Bf1c4 Bf8e7
7.dxe5 dxe5
8.Qd1xd8 Be7xd8
9.Nf3xe5 Bg4h5
10.O-O c6
11.a3 Bd8b6
12.Kh1 O-O
13.f5 Bb6d4
14.Bc1f4 b5
15.Bc4d3 Nb8a6
16.Ne5xc6 Bd4c5
17.b4 Bc5e3
18.Bf4xe3 Na6c7
19.Nc6xa7 Nf6g4
20.Be3g1 Ng4f6
21.Na7xb5 Nf6g4
22.Nb5xc7 Ra8c8
23.Nc7d5 Ng4e5
24.Nd5e7 Kh8
25.Ne7xc8 Rf8xc8
26.Nc3d5 Rc8e8
27.h3 f6
28.Nd5c7 Re8c8
29.Nc7e6 Rc8c3
30.Bg1d4 { resign }
1-0

[Event "Tourn. n9758"]
[Site "www.chess-mail.com"]
[Date "2018.04.12"]
[Round "1"]
[White "Sefj"]
[Black "Orhany24"]
[WhiteElo "2180"]
[BlackElo "2110"]
[Result "0-1"]
[Round "1"]
1.Ng1f3 d5
2.e4 dxe4
3.Nf3g5 Ng8f6
4.Bf1c4 e6
5.b3 h6
6.Ng5h3 c5
7.Bc1b2 Bf8e7
8.O-O Nb8c6
9.f3 exf3
10.Qd1xf3 O-O
11.Nh3f4 a6
12.Bc4d3 Qd8c7
13.Qf3g3 Bc8d7
 { time }
0-1

[Event "Tourn. n9733"]
[Site "www.chess-mail.com"]
[Date "2018.04.12"]
[Round "1"]
[White "Bojan"]
[Black "Julian"]
[WhiteElo "1900"]
[BlackElo "1810"]
[Result "1-0"]
[Round "1"]
1.e4 c5
2.b3 d6
3.Qd1f3 Nb8c6
4.Bc1b2 e5
5.Ng1e2 Ng8f6
6.h3 Bc8e6
7.d3 Bf8e7
8.Ne2g3 O-O
9.Nb1d2 Nc6d4
10.Qf3d1 d5
11.c3 Nd4c6
12.Qd1f3 dxe4
13.Ng3xe4 Nf6xe4
14.Qf3xe4 f5
15.Qe4f3 e4
16.Qf3e2 Qd8d5
17.dxe4 fxe4
18.Qe2xe4 Qd5xe4
19.Nd2xe4 Ra8e8
20.Bf1b5 Be6d5
21.f3 Be7h4
22.Kd2 Bd5xe4
23.fxe4 Re8xe4
24.Bb5xc6 bxc6
25.Kd3 Re4f4
26.Ra1d1 Rf8d8
27.Kc2 Rf4f2
28.Kb1 Rd8xd1
29.Rh1xd1 Rf2xg2
30.Bb2a3 Bh4f2
31.Rd1d6 Rg2h2
32.Rd6xc6 Rh2xh3
33.c4 Rh3h1
34.Kc2 Rh1a1
35.Ba3xc5 Bf2xc5
36.Rc6xc5 Ra1xa2
37.Kd3 a5
38.Rc5c8 Kf7
39.Rc8d8 a4
40.b4 a3
41.Kc3 h5
42.c5 Ra2a1
43.Kc2 g5
44.c6 Ra1a2
45.Kb3 Ra2a1
46.c7 Ra1c1
47.c8Q Rc1xc8
48.Rd8xc8 Kf6
49.b5 { resign }
1-0